| 000 | 00788nam a2200253 4500 | ||
|---|---|---|---|
| 001 | 33228 | ||
| 003 | BD-RjUL | ||
| 005 | 20211209051953.0 | ||
| 008 | 140430s1968 ilu b 001 0 eng | ||
| 035 | _a(BD-RjUL)33319 | ||
| 040 |
_aDLC _cDLC _dBD-RjUL _beng |
||
| 041 | _aeng | ||
| 082 | 0 | 0 |
_a301.0942 _bABO 1968 |
| 100 | 1 |
_aAbrams, Philip. _9100909 |
|
| 245 | 1 | 4 |
_aThe origins of British sociology, 1834-1914 : _ban essay with selected papers / _cPhilip Abrams |
| 260 |
_aChicago : _bUniversity of Chicago Press, _c1968. |
||
| 300 |
_ax, 304 p. ; _c21 cm. |
||
| 490 | 0 | _aThe heritage of sociology | |
| 504 | _aIncludes Bibliography: p. 297-304 and index. | ||
| 650 | 0 |
_aSociology _zGreat Britain _xHistory. _96853 |
|
| 942 |
_2ddc _cBK |
||
| 999 |
_c33228 _d33228 |
||